000
00338nam a2200145Ia 4500
008
150201s2011 xx 000 0 und d
082
_a
1
_b
P2011G
100
_a
ANILA ,GANERI
245
_a
PICTURE ATLAS
250
_a
1ST
260
_b
D.K.PUBLICATION
_a
LONDON
_c
2011
300
_a
1-128
650
_a
GENERAL DENTISTRY
942
_2
ddc
_c
BK
999
_c
4776
_d
4776